000 00586cam a2200217 4500500
005 20260405003759.0
041 _afre
042 _adc
100 1 0 _aOrtoli, Sven
_eauthor
245 0 0 _aLe rugby démêlé
260 _c2023.
500 _a47
690 _aBlessure
690 _aCompétition
690 _aJeu
690 _aPoids
690 _arugby
690 _aSport
786 0 _nPhilosophie magazine | 173 | 10 | 2023-10-01 | p. 13-13 | 1951-1787
856 4 1 _uhttps://shs.cairn.info/magazine-philosophie-magazine-2023-10-page-13?lang=fr&redirect-ssocas=7080
999 _c2070769
_d2070769